[Event "SR 2. liga A 2007/2008"]
[Site "?"]
[Date "2007.11.04"]
[Round "4.6"]
[White "Peitl, Tomas"]
[Black "Furjel, Andrej"]
[Result "0-1"]
[WhiteElo "2031"]
[BlackElo "2033"]
[PlyCount "232"]
[EventDate "2007.??.??"]

1. e4 e6 2. d4 d5 3. Nd2 dxe4 4. Nxe4 Be7 5. Nf3 Nf6 6. Bd3 Nbd7 7. c3 c5 8.
O-O O-O 9. Bf4 cxd4 10. cxd4 Nxe4 11. Bxe4 Nf6 12. Bb1 Bd7 13. Ne5 Bb5 14. Re1
Qd5 15. a4 Bc6 16. Nxc6 Qxc6 17. Qd3 Rac8 18. Be5 g6 19. Ba2 Rfd8 20. h3 Nd5
21. Bb3 a5 22. Rad1 Qb6 23. Rc1 Nb4 24. Qg3 Nc6 25. Re4 Nxe5 26. Rxc8 Rxc8 27.
dxe5 Rc1+ 28. Kh2 Bc5 29. Rf4 Bd4 30. Qg5 Rc8 31. Qf6 Rf8 32. Bc2 Qxb2 33. Re4
Bxe5+ 34. Qxe5 Qxc2 35. Rf4 b6 36. g3 Qc5 37. Qb2 Re8 38. h4 Qc6 39. h5 e5 40.
Rg4 Qe6 41. Re4 Qf5 42. Rh4 g5 43. Rc4 Qf6 44. Re4 Re6 45. Qe2 Kg7 46. Kg2 Qe7
47. g4 f6 48. Kg3 Qd7 49. Re3 Rd6 50. Qc2 Rd4 51. f3 Qxa4 52. Qc7+ Rd7 53. Qxb6
Qd4 54. Qe6 Rf7 55. Re1 Qd7 56. Qa2 Qc7 57. Re4 Rd7 58. Kg2 Rd6 59. Rc4 Qd8 60.
Qb3 Qb6 61. Qc2 Rd7 62. Qf5 Qd6 63. Rc2 a4 64. h6+ Kxh6 65. Kh3 Kg7 66. Ra2 Ra7
67. Qe4 a3 68. Qe3 Ra6 69. Qb3 Rb6 70. Qc2 Rc6 71. Qb3 Ra6 72. Qb7+ Kg6 73. Qb3
Kg7 74. Qb7+ Kh6 75. Qb3 Rb6 76. Qc2 Rb2 77. Rxb2 axb2 78. Qxb2 Qd3 79. Kg3 Qd4
80. Qh2+ Kg7 81. Qc2 Qd6 82. Qe4 Qd4 83. Qb7+ Kh6 84. Qc6 Qf4+ 85. Kg2 e4 86.
fxe4 Qxg4+ 87. Kh2 Qf4+ 88. Kg2 g4 89. Qe6 Qf3+ 90. Kg1 g3 91. Qh3+ Kg5 92. e5
Qf2+ 93. Kh1 g2+ 94. Qxg2+ Qxg2+ 95. Kxg2 fxe5 96. Kg3 Kf5 97. Kf3 e4+ 98. Ke3
Ke5 99. Ke2 Kd4 100. Kd2 e3+ 101. Ke2 Ke4 102. Ke1 Kd3 103. Kd1 h5 104. Ke1 e2
105. Kf2 Kd2 106. Kf3 e1=Q 107. Kf4 h4 108. Kg4 Qg3+ 109. Kf5 h3 110. Ke6 Qf4
111. Kd5 Qe3 112. Kc4 h2 113. Kd5 h1=R 114. Kd6 Rh4 115. Kc6 Rd4 116. Kc5 Qc3+
0-1

[Event "SR 2. liga A 2007/2008"]
[Site "?"]
[Date "2007.11.04"]
[Round "4.6"]
[White "Racik, Marek"]
[Black "Priam, Stefan"]
[Result "1-0"]
[WhiteElo "1912"]
[BlackElo "1897"]
[PlyCount "103"]
[EventDate "2007.??.??"]

1. Nf3 Nf6 2. c4 g6 3. g3 Bg7 4. Bg2 O-O 5. O-O d6 6. d4 Nbd7 7. b3 c5 8. e3 e5
9. Bb2 exd4 10. exd4 cxd4 11. Bxd4 Nc5 12. Nbd2 Rb8 13. b4 Na6 14. a3 b6 15.
Ra2 Bb7 16. Qa1 Nc7 17. Nb3 Ne6 18. Bc3 Rc8 19. Rd1 Bxf3 20. Bxf3 Rxc4 21. Rad2
Rxc3 22. Qxc3 Ne4 23. Qc6 Nxd2 24. Rxd2 Be5 25. Bg2 g5 26. Qb7 Qc7 27. Qe4 Qc3
28. Rd3 Qb2 29. h4 h6 30. Nd2 Kg7 31. Nc4 Qa1+ 32. Kh2 Rd8 33. Qf5 Nd4 34. Qe4
Ne6 35. Qf5 b5 36. Ne3 Nd4 37. Qg4 f6 38. h5 Rf8 39. Nf5+ Nxf5 40. Qxf5 Rf7 41.
Qg6+ Kf8 42. Bd5 Rg7 43. Qxh6 f5 44. Qe6 f4 45. h6 fxg3+ 46. Kg2 Rc7 47. Qg8+
Ke7 48. Qxg5+ Kd7 49. Qf5+ Kd8 50. Qf8+ Kd7 51. Rf3 Bf6 52. Rxf6 1-0

[Event "SR 2. liga A 2007/2008"]
[Site "?"]
[Date "2007.11.04"]
[Round "4.7"]
[White "Halasz, Michal"]
[Black "Slamka, Michal"]
[Result "0-1"]
[WhiteElo "1862"]
[BlackElo "1703"]
[PlyCount "54"]
[EventDate "2007.??.??"]

1. Nf3 Nf6 2. b3 d6 3. d4 Bg4 4. e3 d5 5. Be2 e6 6. O-O Bd6 7. c4 c6 8. Nc3 a6
9. c5 Bc7 10. Ba3 O-O 11. h3 Bh5 12. g4 Bg6 13. Bd3 h5 14. g5 Ne4 15. Qc2 Nxg5
16. Kg2 Bxd3 17. Qxd3 Nd7 18. Rh1 Nxf3 19. Kxf3 Qh4 20. Na4 Nf6 21. Rag1 Ne4
22. Rg2 f5 23. Ke2 f4 24. exf4 Rxf4 25. Rf1 Raf8 26. Qe3 Rf3 27. Qxf3 Rxf3 0-1

[Event "SR 2. liga A 2007/2008"]
[Site "?"]
[Date "2007.11.04"]
[Round "4.7"]
[White "Nagy, Attilla"]
[Black "Zacik, Anton"]
[Result "1-0"]
[WhiteElo "2088"]
[BlackElo "2184"]
[PlyCount "83"]
[EventDate "2007.??.??"]
[TimeControl "240+2"]

{74MB, Hiarcs10.ctg} 1. d4 Nf6 2. Nf3 g6 3. Bf4 Bg7 4. e3 O-O 5. Bd3 c5 6. c3
cxd4 7. exd4 d5 8. h3 Nc6 9. O-O Re8 10. Nbd2 Nd7 11. Re1 e5 12. dxe5 Ndxe5 13.
Bb5 Bd7 14. Qb3 Na5 15. Qxd5 Bxb5 16. Qxb5 a6 17. Qb4 Bf8 18. Qa4 b5 19. Qc2
Qd3 20. Rec1 Qxc2 21. Rxc2 Nd3 22. Be3 Nc4 23. Nxc4 bxc4 24. Ne1 Rxe3 25. fxe3
Bh6 26. Re2 Re8 27. Kf1 Re6 28. Rd1 Rf6+ 29. Kg1 Nc5 30. Rd4 Re6 31. Rxc4 Ne4
32. Nf3 Ng3 33. Re1 Bxe3+ 34. Kh2 Nh5 35. g3 Bf2 36. Rxe6 Bxg3+ 37. Kg2 fxe6
38. Rc6 Kf7 39. Rxa6 e5 40. Ng5+ Ke7 41. Nxh7 e4 42. Ng5 1-0

[Event "SR 2. liga A 2007/2008"]
[Site "?"]
[Date "2007.11.04"]
[Round "4.7"]
[White "Stepanovic, Branislav"]
[Black "Csiba, Peter"]
[Result "0-1"]
[WhiteElo "2024"]
[BlackElo "2005"]
[PlyCount "84"]
[EventDate "2007.??.??"]

1. e4 e5 2. Nf3 Nc6 3. Bb5 a6 4. Ba4 Nf6 5. O-O Be7 6. Re1 b5 7. Bb3 d6 8. c3
Bg4 9. h3 Bh5 10. a4 O-O 11. axb5 axb5 12. Rxa8 Qxa8 13. Na3 Rb8 14. g4 Bg6 15.
d3 Na5 16. Bc2 c5 17. Nb1 c4 18. Nbd2 Rd8 19. d4 exd4 20. Nxd4 Qb7 21. f4 h6
22. f5 Bh7 23. e5 dxe5 24. Rxe5 Qc7 25. Qe2 Bc5 26. N2f3 Nb7 27. Kg2 Qd7 28. b4
cxb3 29. Nxb3 Qc6 30. Nxc5 Nxc5 31. Re7 Nd5 32. Re5 f6 33. Rxd5 Qxd5 34. Ba3
Kh8 35. Qe7 Nd3 36. Bb3 Qa8 37. Kg3 Qb8+ 38. Kg2 Nf4+ 39. Kf1 Nxh3 40. Bc1 Re8
41. Qf7 Bg8 42. Qh5 Qg3 0-1

[Event "SR 2. liga A 2007/2008"]
[Site "?"]
[Date "2007.11.04"]
[Round "4.7"]
[White "Vrba, Michal"]
[Black "Karlik, Lukas"]
[Result "1/2-1/2"]
[WhiteElo "1970"]
[BlackElo "1839"]
[PlyCount "126"]
[EventDate "2007.??.??"]

1. e4 d5 2. exd5 Qxd5 3. Nc3 Qa5 4. d4 c6 5. Nf3 Nf6 6. Bc4 Bg4 7. Qd3 Bxf3 8.
Qxf3 e6 9. O-O Bd6 10. Ne4 Nxe4 11. Qxe4 Qc7 12. h3 O-O 13. Bd3 g6 14. Re1 Nd7
15. Qh4 Rfe8 16. Bg5 Nb6 17. Qg4 Be7 18. h4 Nd5 19. c3 Bxg5 20. hxg5 Qf4 21.
Qxf4 Nxf4 22. Bc4 Rad8 23. Re4 Nd5 24. Rae1 Rd6 25. Kf1 Ne7 26. a4 Nf5 27. b4
Rc8 28. Ba2 Kg7 29. g4 Ne7 30. c4 Rcd8 31. Rd1 h6 32. gxh6+ Kxh6 33. Ke2 Ng8
34. c5 R6d7 35. f4 Ne7 36. Ke3 Kg7 37. Rh1 Rh8 38. Rxh8 Kxh8 39. Kd3 Kg7 40.
Re1 Rd8 41. Rh1 Ng8 42. b5 Nf6 43. Rh4 Rb8 44. g5 Nh5 45. Ke3 Ng3 46. Bb1 a6
47. Rh3 Nh5 48. Bd3 axb5 49. axb5 Ra8 50. bxc6 bxc6 51. Rf3 Kf8 52. Be4 Ra3+
53. Kf2 Ra2+ 54. Ke3 Ng7 55. Bxc6 Nf5+ 56. Kd3 Ke7 57. Rf1 Ra6 58. Bb5 Ra3+ 59.
Kc4 Ra2 60. Kc3 Ra3+ 61. Kb4 Ra2 62. Rd1 Ne3 63. Rh1 Rb2+ 1/2-1/2

[Event "SR 2. liga A 2007/2008"]
[Site "?"]
[Date "2007.11.04"]
[Round "4.8"]
[White "Barca, Michal"]
[Black "Michalko, Peter"]
[Result "1/2-1/2"]
[WhiteElo "1854"]
[BlackElo "1631"]
[PlyCount "48"]
[EventDate "2007.??.??"]

1. c4 e5 2. Nc3 Nf6 3. Nf3 Nc6 4. g3 Bb4 5. Bg2 O-O 6. O-O d5 7. cxd5 Nxd5 8.
Nxe5 Nxc3 9. Nxc6 Nxe2+ 10. Qxe2 bxc6 11. Bxc6 Bh3 12. Rd1 Bc5 13. d4 Bd6 14.
Qh5 Qc8 15. Bxa8 Bg4 16. Qg5 Bxd1 17. Bc6 Qa6 18. Qb5 Qxb5 19. Bxb5 Bf3 20. Be3
Rb8 21. Bc4 Rxb2 22. Bb3 c6 23. Kf1 Bb4 24. Rc1 Bd2 1/2-1/2

[Event "SR 2. liga A 2007/2008"]
[Site "?"]
[Date "2007.11.04"]
[Round "4.8"]
[White "Cajka, Tibor"]
[Black "Feiler, Peter"]
[Result "1-0"]
[WhiteElo "1830"]
[BlackElo "1898"]
[PlyCount "65"]
[EventDate "2007.??.??"]

1. e4 e6 2. d4 d5 3. Nd2 Nf6 4. e5 Nfd7 5. Bd3 c5 6. c3 Nc6 7. Ndf3 Qb6 8. Ne2
cxd4 9. cxd4 f6 10. exf6 Nxf6 11. O-O Bd6 12. Re1 O-O 13. a3 e5 14. dxe5 Nxe5
15. Nxe5 Bxe5 16. Be3 Qxb2 17. Rb1 Qxa3 18. f4 Bd6 19. Ra1 Qb4 20. Ra4 Bd7 21.
Rxb4 Bxb4 22. Rf1 b5 23. Qb3 a5 24. Nc3 Bxc3 25. Qxc3 Rfc8 26. Qb2 b4 27. Bd4
Ne8 28. Re1 Bg4 29. Re7 Kf8 30. Rb7 Rcb8 31. Bxg7+ Kg8 32. Re7 Rd8 33. Qe5 1-0

[Event "SR 2. liga A 2007/2008"]
[Site "?"]
[Date "2007.11.04"]
[Round "4.8"]
[White "Hajtmanek, Stanislav"]
[Black "Janko, Michal"]
[Result "0-1"]
[WhiteElo "1778"]
[BlackElo "2143"]
[PlyCount "56"]
[EventDate "2007.??.??"]
[TimeControl "240+2"]

{74MB, Hiarcs10.ctg} 1. d4 d6 2. e4 Nf6 3. Nc3 g6 4. Bc4 Bg7 5. Bf4 O-O 6. Qd2
c6 7. Nge2 b5 8. Bd3 Nbd7 9. e5 dxe5 10. dxe5 Nh5 11. Be4 Nxf4 12. Nxf4 Nxe5
13. Qxd8 Rxd8 14. Nxb5 f5 15. Nc7 Rb8 16. Nce6 Bxe6 17. Nxe6 Rd6 18. Bxc6 Nxc6
19. Nxg7 Kxg7 20. b3 Re6+ 21. Kd2 Rd6+ 22. Ke3 Nb4 23. Rhc1 Nd5+ 24. Ke2 Nc3+
25. Kf1 Rd2 26. a4 Rbd8 27. g3 Ne4 28. c4 Rxf2+ 0-1

[Event "SR 2. liga A 2007/2008"]
[Site "?"]
[Date "2007.11.04"]
[Round "4.8"]
[White "Kolesar, Rastislav"]
[Black "Mihalik, Anton"]
[Result "1/2-1/2"]
[WhiteElo "1922"]
[BlackElo "1981"]
[PlyCount "39"]
[EventDate "2007.??.??"]

1. e4 c5 2. Nf3 d6 3. d4 cxd4 4. Nxd4 Nf6 5. Nc3 a6 6. Be3 e6 7. f4 Qc7 8. Qf3
Nbd7 9. g4 Nb6 10. f5 Nc4 11. Bxc4 Qxc4 12. fxe6 fxe6 13. O-O-O Be7 14. g5 Nd7
15. Qh5+ g6 16. Qh6 Bf8 17. Qh4 Be7 18. Qh6 Bf8 19. Qh4 Be7 20. Qh6 1/2-1/2

[Event "SR 2. liga A 2007/2008"]
[Site "?"]
[Date "2007.12.01"]
[Round "5"]
[White "Chovanec, Vladimir"]
[Black "Milanov, Jasen"]
[Result "1-0"]
[WhiteElo "1970"]
[BlackElo "2106"]
[Annotator "Fabry"]
[PlyCount "111"]
[EventDate "2007.??.??"]
[WhiteTeam "Slavia STU Bratislava"]
[BlackTeam "DP Bratislava"]

1. Nf3 d5 2. g3 Nf6 3. Bg2 e6 4. O-O Be7 5. d3 O-O 6. Nbd2 c5 7. e4 Nc6 8. e5
Nd7 9. Re1 Qc7 10. Qe2 b5 11. Nf1 Bb7 12. Bf4 Rfe8 13. h4 d4 14. N1h2 Nb4 15.
Ng4 Nd5 16. Bg5 Nf8 17. Bxe7 Qxe7 18. Ng5 f5 19. exf6 Nxf6 20. Bxb7 Qxb7 21.
Ne5 Qd5 22. Qf3 Rac8 23. a4 b4 24. b3 Qxf3 25. Ngxf3 N8d7 26. Nc4 Rc6 27. Nfe5
Nxe5 28. Rxe5 Nd7 29. Re2 Kf7 30. Rae1 Kf6 31. f4 h5 32. Kg2 g6 33. Ne5 Rd6 34.
Nxd7+ Rxd7 35. Re5 Rc7 36. Rg5 Rc6 37. Ree5 Rec8 38. Kf3 a6 39. g4 hxg4+ 40.
Rxg4 Rb8 41. Reg5 Rbc8 42. h5 gxh5 43. Rxh5 Kf7 44. Ke4 Kf6 45. Rh6+ Kf7 46.
Ke5 Re8 47. Rh7+ Kf8 48. Rgh4 Rec8 49. Rh8+ Kf7 50. R4h7+ Kg6 51. Rxc8 Rxc8 52.
Re7 a5 53. Rxe6+ Kf7 54. f5 Rh8 55. Rc6 Re8+ 56. Kf4 1-0

[Event "SR 2. liga A 2007/2008"]
[Site "?"]
[Date "2007.12.01"]
[Round "5"]
[White "Grich, Juraj"]
[Black "Hefka, Vladimir"]
[Result "0-1"]
[WhiteElo "1928"]
[BlackElo "1998"]
[Annotator "Fabry"]
[PlyCount "60"]
[EventDate "2007.??.??"]
[WhiteTeam "Slavia STU Bratislava"]
[BlackTeam "DP Bratislava"]

1. d4 Nf6 2. c4 g6 3. Nc3 Bg7 4. e4 d6 5. f3 O-O 6. Be3 Nc6 7. Qd2 e5 8. Nge2
a6 9. d5 Ne7 10. g4 Rb8 11. Ng3 c6 12. h4 Bd7 13. h5 Re8 14. g5 Nxh5 15. Nxh5
gxh5 16. O-O-O c5 17. Rxh5 Ng6 18. Qh2 Nf8 19. Bh3 Bxh3 20. Rxh3 b5 21. Ne2 Qa5
22. Kb1 Qb4 23. Ng3 bxc4 24. Nh5 c3 25. Bc1 cxb2 26. Be3 Qa3 27. Bf2 Rb3 28.
Nf6+ Bxf6 29. gxf6 Rc3 30. Be3 Rb8 0-1

[Event "SR 2. liga A 2007/2008"]
[Site "?"]
[Date "2007.12.01"]
[Round "5"]
[White "Hebelka, Milos"]
[Black "Stefan, Oldrich"]
[Result "1-0"]
[WhiteElo "2121"]
[BlackElo "2044"]
[Annotator "Fabry"]
[PlyCount "109"]
[EventDate "2007.??.??"]
[WhiteTeam "DP Bratislava"]
[BlackTeam "Slavia STU Bratislava"]

1. e4 c5 2. Nf3 Nc6 3. d4 cxd4 4. Nxd4 Nf6 5. Nxc6 bxc6 6. Bd3 e5 7. O-O Be7 8.
Bd2 O-O 9. Bc3 Qc7 10. Qe2 Re8 11. Nd2 d6 12. h3 Be6 13. f4 exf4 14. Rxf4 Nd7
15. Raf1 Bg5 16. R4f2 Bh4 17. Rf4 Bg5 18. Rg4 Bxg4 19. Qxg4 Be3+ 20. Kh1 Ne5
21. Bxe5 dxe5 22. Nf3 Rad8 23. Bc4 Qd7 24. Qh5 g6 25. Qh4 Qe7 26. Qe1 Qc5 27.
b3 Rd7 28. Nh2 h5 29. Qg3 Bf4 30. Qxg6+ Kf8 31. Qxh5 Qe3 32. Qh8+ Ke7 33. Qh4+
Bg5 34. Qh7 Kd8 35. Ng4 Qg3 36. Qf5 Bf4 37. Rf3 Qe1+ 38. Bf1 Rd1 39. Kg1 Re7
40. a4 Rd4 41. Qf6 Qxe4 42. Rc3 Kd7 43. Qh4 Qg6 44. Qf2 f5 45. Ne3 Bxe3 46.
Qxe3 f4 47. Qf2 Qf6 48. Qe2 e4 49. Qa6 Rd1 50. Qb7+ Ke8 51. Qc8+ Kf7 52. Rxc6
Qd4+ 53. Kh2 Rxf1 54. Qf5+ Kg8 55. Qg6+ 1-0

[Event "SR 2. liga A 2007/2008"]
[Site "?"]
[Date "2007.12.01"]
[Round "5"]
[White "Hrivnak, Martin"]
[Black "Fabry, Robert"]
[Result "1/2-1/2"]
[WhiteElo "2190"]
[BlackElo "2209"]
[Annotator "Fabry"]
[PlyCount "157"]
[EventDate "2007.??.??"]
[WhiteTeam "Slavia STU Bratislava"]
[BlackTeam "DP Bratislava"]

1. d4 Nf6 2. c4 e6 3. g3 c5 4. Nf3 Qb6 5. Bg2 cxd4 6. Nxd4 Bb4+ 7. Nc3 Nc6 8.
Nc2 Be7 9. O-O a6 10. e4 O-O 11. b3 Rd8 12. Be3 Qc7 13. Na4 Re8 14. Nb6 Rb8 15.
f4 d6 16. g4 Nd7 17. Nxd7 Bxd7 18. g5 b5 19. cxb5 Rxb5 20. Rc1 Qa5 21. Rf2 Rc8
22. Bf1 Rbb8 23. Bc4 Nb4 24. Nxb4 Qxb4 25. Rfc2 Bc6 26. Qd3 Bb7 27. Bd2 Qb6+
28. Be3 Qa5 29. Bd2 Qd8 30. Be3 Ra8 31. Rd1 Qd7 32. Rcd2 Qc6 33. f5 exf5 34.
Bd5 Qc7 35. exf5 Bxd5 36. Qxd5 Qc6 37. Kf2 Qxd5 38. Rxd5 Rc2+ 39. R1d2 Rac8 40.
Ke2 R8c6 41. Rxc2 Rxc2+ 42. Rd2 Rc6 43. Kd3 Kf8 44. a4 Ke8 45. b4 Kd7 46. b5
axb5 47. axb5 Rc7 48. Ra2 Rb7 49. Rb2 Bd8 50. Kc4 f6 51. h4 g6 52. fxg6 hxg6
53. h5 gxh5 54. g6 Ke6 55. Rg2 d5+ 56. Kb4 Rg7 57. Bh6 Rg8 58. Kc5 h4 59. Kc6
h3 60. Re2+ Kf5 61. g7 d4 62. Kd7 Kg6 63. Bf4 d3 64. Rh2 Kf5 65. Bh6 Kg4 66.
Ke6 Bc7 67. Rd2 h2 68. Rd1 Bb6 69. Rh1 Kg3 70. Kf7 Rxg7+ 71. Kxg7 f5 72. Kf6 f4
73. Bxf4+ Kxf4 74. Rxh2 Kf3 75. Rh3+ Ke2 76. Rh2+ Bf2 77. b6 d2 78. Rh1 Bxb6
79. Rb1 1/2-1/2

[Event "SR 2. liga A 2007/2008"]
[Site "?"]
[Date "2007.12.01"]
[Round "5"]
[White "Macka, Oto"]
[Black "Mikulas, Dusan"]
[Result "0-1"]
[WhiteElo "2044"]
[BlackElo "2189"]
[Annotator "Fabry"]
[PlyCount "50"]
[EventDate "2007.??.??"]
[WhiteTeam "Slavia STU Bratislava"]
[BlackTeam "DP Bratislava"]

1. c4 e5 2. Nc3 Nf6 3. Nf3 Nc6 4. g3 g6 5. d4 exd4 6. Nxd4 Bg7 7. Nxc6 bxc6 8.
Bg2 O-O 9. O-O Rb8 10. Qa4 a6 11. Rd1 Qe7 12. Qc2 h6 13. Bf4 Ne8 14. Rd3 g5 15.
Be3 Qb4 16. b3 d5 17. cxd5 Bf5 18. Rad1 Bxd3 19. Rxd3 Rd8 20. Na4 Qe1+ 21. Bf1
Rxd5 22. Qxc6 Rxd3 23. exd3 Nf6 24. Qxc7 Ng4 25. Qe7 Bd4 0-1

[Event "SR 2. liga A 2007/2008"]
[Site "?"]
[Date "2007.12.01"]
[Round "5"]
[White "Slapak, Zdenek"]
[Black "Bury, Rastislav"]
[Result "0-1"]
[WhiteElo "2172"]
[BlackElo "2130"]
[Annotator "Fabry"]
[PlyCount "108"]
[EventDate "2007.??.??"]
[WhiteTeam "DP Bratislava"]
[BlackTeam "Slavia STU Bratislava"]

1. e4 e5 2. Nf3 Nc6 3. Bb5 a6 4. Ba4 Nf6 5. O-O Be7 6. Re1 b5 7. Bb3 O-O 8. a4
Bb7 9. d3 d6 10. Nbd2 Na5 11. Ba2 c5 12. Nf1 b4 13. Ng3 b3 14. cxb3 Nc6 15. Bd2
Bc8 16. h3 Rb8 17. Rc1 h6 18. Bc3 Nh7 19. Nh2 Bg5 20. Rc2 Be6 21. Nf5 Qd7 22.
Ne3 Bxb3 23. Bxb3 Rxb3 24. Rce2 Rfb8 25. Nc4 Nf8 26. Nf3 Nd4 27. Bxd4 cxd4 28.
a5 Ne6 29. Nxg5 hxg5 30. Rd2 Nf4 31. Qf3 R8b5 32. Kh2 f6 33. Red1 Qe6 34. Qg4
Qxg4 35. hxg4 d5 36. exd5 Nxd5 37. g3 Rc5 38. Kg2 Nb4 39. Nd6 Rxa5 40. Kf3 Rd5
41. Nc4 Kf7 42. Ke4 Ke6 43. Rh1 Rc5 44. Rh8 Nd5 45. Re8+ Ne7 46. Ra8 g6 47.
Rxa6+ Rc6 48. Rxc6+ Nxc6 49. Kf3 Kd5 50. Ke2 f5 51. gxf5 gxf5 52. Na3 e4 53.
dxe4+ fxe4 54. Nb1 e3 0-1

[Event "SR 2. liga A 2007/2008"]
[Site "?"]
[Date "2007.12.01"]
[Round "5"]
[White "Tepper, Frantisek"]
[Black "Frindt, Kornel"]
[Result "1/2-1/2"]
[WhiteElo "2164"]
[BlackElo "2190"]
[Annotator "Fabry"]
[PlyCount "81"]
[EventDate "2007.??.??"]
[WhiteTeam "DP Bratislava"]
[BlackTeam "Slavia STU Bratislava"]

1. e4 c5 2. Nf3 Nc6 3. Bb5 g6 4. O-O Bg7 5. Re1 e5 6. c3 a6 7. Ba4 Nge7 8. d3
d5 9. Nbd2 O-O 10. Qe2 d4 11. c4 Qa5 12. Bxc6 Nxc6 13. Nb3 Qb6 14. Bd2 a5 15.
Bg5 f6 16. Bh4 a4 17. Nc1 Bg4 18. Rb1 Qa5 19. Rf1 g5 20. Bg3 Rfb8 21. h3 Bh5
22. Bh2 b5 23. g4 Bf7 24. Nd2 Bf8 25. Bg3 Ne7 26. cxb5 Rxb5 27. Nc4 Qa6 28. h4
h6 29. hxg5 hxg5 30. Kg2 Rb4 31. Rh1 Rxc4 32. dxc4 Bxc4 33. Qc2 Be6 34. b3 Bxg4
35. Nd3 Ng6 36. Nxc5 Qc6 37. b4 Be6 38. f3 a3 39. Rbc1 Bf7 40. Nd3 Qe6 41. Ra1
1/2-1/2

[Event "SR 2. liga A 2007/2008"]
[Site "?"]
[Date "2007.12.01"]
[Round "5.1"]
[White "Balogh, Tomas"]
[Black "Blatnicky, Miroslav"]
[Result "1/2-1/2"]
[WhiteElo "2362"]
[BlackElo "2163"]
[PlyCount "156"]
[EventDate "2007.??.??"]

1. d4 e6 2. c4 d5 3. Nc3 Nf6 4. cxd5 Nxd5 5. e4 Nxc3 6. bxc3 c5 7. Nf3 cxd4 8.
cxd4 Bb4+ 9. Bd2 Qa5 10. Rb1 Bxd2+ 11. Qxd2 Qxd2+ 12. Kxd2 O-O 13. Bd3 b6 14.
Rhc1 Ba6 15. Rc3 Bxd3 16. Kxd3 Na6 17. a3 Rac8 18. Rbc1 Rxc3+ 19. Rxc3 f6 20.
Rc6 Kf7 21. Kc4 Ke7 22. d5 exd5+ 23. exd5 Kd7 24. Nd4 Nb8 25. Ne6 Re8 26. Rc7+
Kd6 27. Rxa7 Rc8+ 28. Kd4 Nc6+ 29. dxc6 Kxe6 30. Rxg7 Rxc6 31. Rxh7 Rc2 32. Ke3
Rc3+ 33. Kf4 Rxa3 34. Rb7 Ra4+ 35. Kg3 Rb4 36. h4 Kf5 37. f3 Kg6 38. Kh3 Rb3
39. Rc7 b5 40. Rb7 Rb1 41. g4 b4 42. Kg3 b3 43. Kf4 b2 44. h5+ Kh6 45. Rb6 Kg7
46. Rb8 Kh7 47. Rb6 Kg7 48. Rb4 Kh7 49. Kf5 Rf1 50. Rxb2 Rxf3+ 51. Ke4 Rf1 52.
Rb3 Kg7 53. Rf3 Re1+ 54. Kf4 Rg1 55. Kf5 Re1 56. h6+ Kf7 57. Rh3 Rf1+ 58. Ke4
Re1+ 59. Kf4 Rf1+ 60. Kg3 Kg8 61. h7+ Kh8 62. Rh6 Rg1+ 63. Kf4 Rf1+ 64. Ke4 Rf2
65. Rh4 Rf1 66. Rh2 Ra1 67. Kf5 Ra5+ 68. Ke6 Ra6+ 69. Kf7 Ra7+ 70. Kg6 Rg7+ 71.
Kf5 Rg5+ 72. Kf4 Ra5 73. Rh6 Rc5 74. Rxf6 Kxh7 75. Rf5 Rc1 76. Kg5 Kg7 77. Rd5
Rc7 78. Kh5 Ra7 1/2-1/2

[Event "SR 2. liga A 2007/2008"]
[Site "?"]
[Date "2007.12.01"]
[Round "5.1"]
[White "Bezuch, Martin"]
[Black "Petrik, Stanislav"]
[Result "0-1"]
[WhiteElo "2238"]
[BlackElo "2223"]
[PlyCount "100"]
[EventDate "2007.??.??"]

1. Nf3 Nf6 2. g3 b5 3. Bg2 Bb7 4. d3 e6 5. c3 c5 6. O-O Be7 7. Nbd2 O-O 8. e4
d5 9. Qe2 Nc6 10. Rd1 Qb6 11. Nf1 b4 12. Bg5 h6 13. Bf4 Rfe8 14. e5 Nd7 15. g4
Nf8 16. h4 Ng6 17. Bg3 Qd8 18. h5 Nf8 19. N3d2 bxc3 20. bxc3 Qa5 21. Rdc1 Rab8
22. f4 Ba6 23. g5 hxg5 24. Nb3 Qa4 25. c4 dxc4 26. dxc4 Nd4 27. Nxd4 cxd4 28.
Qd3 Rec8 29. Nd2 Rb4 30. Bf1 Bb7 31. Be2 Rb2 32. Rcb1 Rxb1+ 33. Rxb1 Ba8 34.
Rb2 Bb4 35. fxg5 Bxd2 36. Rxd2 Qc6 37. Bf1 Qh1+ 38. Kf2 Qxh5 39. Bg2 Bxg2 40.
Kxg2 Qxg5 41. Rf2 Rd8 42. Rf4 Ng6 43. Re4 Qf5 44. c5 Ne7 45. Bh4 g5 46. Be1 Nc6
47. Qf3 Rd5 48. Bg3 Rxc5 49. Rg4 Rc2+ 50. Bf2 Qxf3+ 0-1

[Event "SR 2. liga A 2007/2008"]
[Site "?"]
[Date "2007.12.01"]
[Round "5.1"]
[White "Cvicela, Anton"]
[Black "Pagerka, Martin"]
[Result "0-1"]
[WhiteElo "2277"]
[BlackElo "2099"]
[PlyCount "78"]
[EventDate "2007.??.??"]

1. e4 e5 2. Nf3 Nc6 3. Nc3 Nf6 4. d4 exd4 5. Nd5 Be7 6. Bf4 d6 7. Nxd4 O-O 8.
Nb5 Nxd5 9. exd5 Ne5 10. Qd2 c6 11. Nc3 Bf5 12. O-O-O Ng6 13. Be3 c5 14. h3 Bf6
15. Be2 b5 16. g4 b4 17. Nb1 Bd7 18. f4 Qa5 19. Bc4 Bb5 20. Qd3 a6 21. g5 Bd4
22. Bd2 Bxc4 23. Qxc4 Qb5 24. Qf1 c4 25. f5 Ne5 26. Bf4 Qxd5 27. c3 Nd3+ 28.
Rxd3 cxd3 29. cxd4 Qc4+ 30. Kd2 Qxd4 31. Be3 Qxb2+ 32. Kxd3 Qxa2 33. Nd2 Rfe8
34. Qa1 Qd5+ 35. Ke2 Rxe3+ 36. Kxe3 Re8+ 37. Kf2 Qxd2+ 38. Kg3 Re3+ 39. Kh4
Qf2+ 0-1

[Event "SR 2. liga A 2007/2008"]
[Site "?"]
[Date "2007.12.01"]
[Round "5.1"]
[White "Janos, Martin"]
[Black "Schwarz, Dusan"]
[Result "1/2-1/2"]
[WhiteElo "2262"]
[BlackElo "2284"]
[PlyCount "74"]
[EventDate "2007.??.??"]
[WhiteTeam "Doprastav BA D"]
[BlackTeam "Doprastav BA C"]

1. e4 d5 2. exd5 Qxd5 3. Nc3 Qa5 4. b4 Qxb4 5. Rb1 Qd6 6. Nf3 a6 7. g3 b6 8.
Bg2 Bb7 9. O-O e6 10. Re1 Nf6 11. d4 Be7 12. Bf4 Qd8 13. Na4 O-O 14. c4 b5 15.
Nc3 Nbd7 16. Qe2 Re8 17. cxb5 Nd5 18. Nxd5 Bxd5 19. Rec1 axb5 20. Bxc7 Qc8 21.
Qxb5 Rxa2 22. Ne5 Nf6 23. Bxd5 Nxd5 24. Bb8 Qd8 25. Qb7 Rf8 26. Nc6 Qe8 27. Ba7
(27. Nxe7+ Qxe7 28. Qxe7 Nxe7 29. Bd6 Ra7 30. d5 $3 Rd7 31. Bxe7 Rxe7 32. d6
Rd7 33. Rb6 Rfd8 34. Rc7 g5 35. Rbb7 Rxd6 36. Rxf7 $16) 27... Bd6 28. Bc5 Bxc5
29. dxc5 Qa8 30. Ne7+ Nxe7 31. Qxe7 Qf3 32. Rf1 Rc2 33. Rbc1 Qc3 34. Rxc2 Qxc2
35. Qc7 g6 36. Ra1 Qc3 37. Rd1 Kg7 1/2-1/2

[Event "SR 2. liga A 2007/2008"]
[Site "?"]
[Date "2007.12.01"]
[Round "5.1"]
[White "Tibensky, Robert"]
[Black "Rachela, Milan"]
[Result "1-0"]
[WhiteElo "2431"]
[BlackElo "2312"]
[Annotator ",Kaiko"]
[PlyCount "139"]
[EventDate "2007.??.??"]
[TimeControl "240+2"]

{74MB, Hiarcs10.ctg} 1. Nf3 Nf6 2. g3 d5 3. Bg2 c6 4. b3 Bf5 5. O-O h6 6. Bb2
Nbd7 7. c4 e6 8. d3 Be7 9. Nbd2 O-O 10. Re1 Bh7 11. Qc2 a5 12. a3 Re8 13. e4
Nc5 14. Bf1 Rc8 15. Rad1 b5 16. Bc3 Bf8 17. b4 Na4 18. c5 Nxc3 19. Qxc3 a4 20.
e5 Nd7 21. d4 f6 22. exf6 Qxf6 23. Ne5 Nxe5 24. dxe5 Qf5 25. Nf3 Bg6 26. Nd4
Qh5 27. Be2 Qh3 28. Bf3 Bh5 29. Qe3 Bxf3 30. Qxf3 Be7 31. Qg2 Qxg2+ 32. Kxg2
Kf7 33. f4 Bf8 34. g4 g6 35. Rf1 Bg7 36. Rde1 Rg8 37. Kh1 Ke7 38. f5 gxf5 39.
gxf5 exf5 40. Rxf5 Rgf8 41. Rg1 Bh8 42. Rh5 Rf4 43. Nf5+ Ke6 44. Rg6+ Kf7 45.
Rd6 Re8 46. Nxh6+ Kf8 47. e6 d4 48. Rf5+ Rxf5 49. Nxf5 Be5 50. Nxd4 Bxd4 51.
Rxd4 Rxe6 52. Rd3 Re2 53. Rg3 Kf7 54. Kg1 Ke6 55. h4 Re4 56. h5 Rh4 57. Rg6+
Kd5 58. h6 Kc4 59. Rxc6 Kb3 60. Rf6 Kxa3 61. c6 Kxb4 62. c7 Rg4+ 63. Kf2 Rg8
64. Rd6 Rc8 65. h7 Rf8+ 66. Kg2 a3 67. Rd8 a2 68. Rxf8 a1=Q 69. h8=Q Qa2+ 70.
Kg3 1-0

[Event "SR 2. liga A 2007/2008"]
[Site "?"]
[Date "2007.12.01"]
[Round "5.2"]
[White "Biro, Karol"]
[Black "Szollos, Ondrej"]
[Result "1-0"]
[WhiteElo "2188"]
[BlackElo "2146"]
[PlyCount "67"]
[EventDate "2007.??.??"]

1. c4 d6 2. Nc3 c6 3. d4 Qc7 4. e3 e5 5. Nf3 Nf6 6. Be2 Be7 7. O-O O-O 8. b3
Bg4 9. h3 Bh5 10. Bb2 e4 11. Nd2 Bxe2 12. Qxe2 d5 13. f3 exf3 14. Qxf3 Qd7 15.
Rad1 Bb4 16. e4 Na6 17. e5 Ne8 18. cxd5 Bxc3 19. Qxc3 Qxd5 20. Ba3 c5 21. dxc5
Nec7 22. Nf3 Qe4 23. Rd4 Qe2 24. Rd2 Qe4 25. Re1 Qg6 26. Qc4 Rfd8 27. Rd6 Ne6
28. c6 Rac8 29. Red1 Rxd6 30. Rxd6 Qb1+ 31. Kh2 Qxa2 32. Rxe6 Qxa3 33. Rd6 bxc6
34. Rd7 1-0